000 02850cam a2200301 4500500
005 20260111145847.0
041 _afre
042 _adc
100 1 0 _aAdell, Nicolas
_eauthor
245 0 0 _aÀ la croisée des destins
260 _c2006.
500 _a71
520 _aRésuméPartant du constat que, chez les compagnons du tour de France, Marie-Madeleine occupe une place particulière parmi les saints patrons, l’auteur propose une analyse visant à établir la légitimité de sa position. La sainte pécheresse entretient en effet avec les hommes en devenir un rapport étroit. Les guidant sur les sentiers de la nature, Marie-Madeleine les initie, en tant que prostituée et en tant qu’ermite, à leur propre condition. Elle offre donc certaines garanties quant à l’acquisition complète de la virilité, étant elle-même pensée sur le mode masculin, et cristallise ainsi les aspirations du compagnonnage désireux de produire des hommes complets.
520 _aMary-Magdalene and the Tour de France journeymenStarting from the observation that for the Tour de France journeymen Mary-Magdalene occupies a peculiar place among the patron saints, the author gives an analysis aiming at establishing the legitimacy of her position. The holy sinner has indeed a close relationship with future men. As a prostitute and a hermit she guides them on the paths of nature, initiates them to their own condition. Consequently, she offers some guarantees as to the acquisition of complete virility, as she herself is thought of in the masculine mode and crystallizes the aspirations of guilds which want to produce complete men.
520 _aZusammenfassungMaria Magdalena und die Gesellen des Tour de FranceAusgehend von der Beobachtung, dass Maria Magdalena bei den Gesellen des Tour de France einen besonderen Platz unter den heiligen Patronen einnimmt, gibt der Autor eine Analyse, die dazu zielt, die Legitimität ihrer Stellung zu beweisen. Zwar unterhält die heilige Sünderin enge Verbindungen zu werdenden Männern, die sie als Prostituierte und Eremitin auf die Wege der Natur führt und in ihr eigenes Schicksal einweiht. Sie gibt ihnen einige Garantien für den Erwerb ihrer vollen Virilität, da sie selbst in männlichem Modus gedacht wird und das Streben der Gesellenbruderschaft kristallisiert, die vollständige Männer schaffen will.
690 _acompagnonnage
690 _aMarie-Madeleine
690 _aMarthe
690 _amasculin/féminin
690 _asaint-patron
690 _aguilds
690 _aMartha
690 _aMary-Magdalene
690 _amasculine/feminine
690 _apatron saint
786 0 _nEthnologie française | 36 | 1 | 2006-03-01 | p. 129-137 | 0046-2616
856 4 1 _uhttps://shs.cairn.info/revue-ethnologie-francaise-2006-1-page-129?lang=fr&redirect-ssocas=7080
999 _c1636602
_d1636602